ბათუმის შოთა რუსთაველის სახელმწიფო უნივერსიტეტის ბიბლიოთეკა

Governing the bomb : civilian control and democratic accountability of nuclear weapons (ბიბ.ჩანაწერი № 51579)

000 -LEADER
fixed length control field 00679nam a2200217Ia 4500
001 - CONTROL NUMBER
control field 18570
003 - CONTROL NUMBER IDENTIFIER
control field GE_BSU
008 - FIXED-LENGTH DATA ELEMENTS--GENERAL INFORMATION
fixed length control field 181216s||||||||xx |||||||||||||| ||und||
020 ## - INTERNATIONAL STANDARD BOOK NUMBER
International Standard Book Number 9780199589906 (hbk.)
040 ## - CATALOGING SOURCE
Transcribing agency GE_BSU
080 ## - UNIVERSAL DECIMAL CLASSIFICATION NUMBER
Universal Decimal Classification number 327.1
245 ## - TITLE STATEMENT
Title Governing the bomb : civilian control and democratic accountability of nuclear weapons
245 ## - TITLE STATEMENT
Statement of responsibility, etc. edited by Hans Born, Bates Gill, Heiner Hanggi.
260 ## - PUBLICATION, DISTRIBUTION, ETC.
Place of publication, distribution, etc. Oxford
260 ## - PUBLICATION, DISTRIBUTION, ETC.
Name of publisher, distributor, etc. Oxford University Press
260 ## - PUBLICATION, DISTRIBUTION, ETC.
Date of publication, distribution, etc. 2010
300 ## - PHYSICAL DESCRIPTION
Extent xiii, 249 p. ; 24 cm.
653 ## - INDEX TERM--UNCONTROLLED
Uncontrolled term Governing the bomb : civilian control and democratic accountability of nuclear weapons
653 ## - INDEX TERM--UNCONTROLLED
Uncontrolled term პოლიტიკა
942 ## - ADDED ENTRY ELEMENTS (KOHA)
Koha item type წიგნი
ეგზემპლარები
Withdrawn status Lost status Damaged status Not for loan Date acquired Barcode Date last seen Price effective from Koha item type
        2018-12-17 47998 2018-12-17 2018-12-17 წიგნი